• 首页
  • 本馆介绍
  • 公告通知
  • 最新文献
  • 馆藏检索
  • 电子资源
  • 读者导购
  • 参考咨询
  • 我的图书馆
  • 登录
  • 详细信息显示
  • 放入我的书架
  • 预约/预借图书
  • 作者相关作品
  • 分类相关作品
  • 丛书相关作品
  • 出版社相关作品

书目信息

  • 表格格式
  • 工作单格式
  • 卡片格式
题名:
国际政治经济学
    
 
作者: 皮尔逊 , Pearson , 巴亚斯里安 , Payaslian 著 ;杨毅 , 钟飞腾 , 苗苗 译
分册:  
出版信息: 北京   北京大学出版社  2006
页数: 648页
开本: 23cm
丛书名: 世界政治与国际关系译丛
单 册:
中图分类: F11-0
科图分类:
主题词: 国际经济学--教材 , 国际经济学
电子资源:
ISBN: 7-301-10666-1
000 01666oam2 2200385 450
001 012007426000
005 20070517090754.38
010    @a7-301-10666-1@dCNY66.00
100    @a20070514d2006 km y0chiy0120 ea
101 1  @achi@ceng
102    @aCN@b110000
105    @aab z 000yy
106    @ar
200 1  @a国际政治经济学@Aguo ji zheng zhi jing ji xue@e全球体系中的冲突与合作@f(美)弗雷德里克·皮尔逊(Simon,Payaslian),西蒙·巴亚斯里安(Frederic S.,Pearson)著@F(mei)fu lei de li ke·pi er xun(Simon,Payaslian),xi meng·ba ya si li an(Frederic S.,Pearson)zhu@g杨毅,钟飞腾,苗苗译@Gyang yi,zhong fei teng,miao miao yi
210    @a北京@c北京大学出版社@d2006
215    @a648页@c图,地图@d23cm
225 2  @a世界政治与国际关系译丛
300    @a经典教材系列
306    @a本书中文简体字翻译版由北京大学出版社和美国麦格劳-希尔教育(亚洲)出版公司合作出版
330    @a本书共分三部分十三章,内容包括:国际政治经济学简介、国际金融和国际贸易关系的政治学、分裂的全球体系中的政治经济学。
461  0 @12001 @a世界政治与国际关系译丛
510 1  @aInternational political economy@econflict and cooperation in the global system@zeng
517 1  @a全球体系中的冲突与合作@Aquan qiu ti xi zhong de chong tu yu he zuo
606 0  @a国际经济学@j教材
606 0  @a国际经济学
690    @aF11-0@v4
701  1 @c(美)@a皮尔逊@Api er xun@b弗雷德里克@4著
701  1 @c(美)@aPearson@bFrederic S.@4著
701  1 @c(美)@a巴亚斯里安@Aba ya si li an@b西蒙@4著
701  1 @c(美)@aPayaslian@bSimon@4著
702  0 @a杨毅@Ayang yi@4译
702  0 @a钟飞腾@Azhong fei teng@4译
702  0 @a苗苗@Amiao miao@4译
801  0 @aCN@bRULIN@c20070517
905    @dF11-0@e116@s8
    
    国际政治经济学:全球体系中的冲突与合作/(美)弗雷德里克·皮尔逊(Simon,Payaslian),西蒙·巴亚斯里安(Frederic S.,Pearson)著/杨毅,钟飞腾,苗苗译.-北京:北京大学出版社,2006
    648页:图,地图;23cm.-(世界政治与国际关系译丛)
    经典教材系列
    
    ISBN 7-301-10666-1:CNY66.00
    本书共分三部分十三章,内容包括:国际政治经济学简介、国际金融和国际贸易关系的政治学、分裂的全球体系中的政治经济学。
●
相关链接 在E读中查询图书 在五车中查询图书 在当当中查询图书 在豆瓣中查询图书


正题名:国际政治经济学     索取号:F11-0/116         预约/预借

序号 登录号 条形码 馆藏地/架位号 状态 备注
1 0577645   205776454   第一样本阅览室/ [索取号:F11-0/116] 在馆    
2 0577646   205776463   密集书库/ [索取号:F11-0/116] 在馆    
3 0577647   205776472   第一借阅区/ [索取号:F11-0/116] 在馆    
4 0577648   205776481   第一借阅区/ [索取号:F11-0/116] 在馆    
5 0577649   205776490   第一借阅区/ [索取号:F11-0/116] 在馆    
6 0577650   205776506   密集书库/ [索取号:F11-0/116] 在馆    
7 0577651   205776515   密集书库/ [索取号:F11-0/116] 在馆    
8 0577652   205776524   第一借阅区/ [索取号:F11-0/116] 在馆    
唐山师范学院图书馆 欢迎您!
大连网信软件有限公司© 版权所有